[Event "Mechanics' Peter Grey TNM; G/2 d5"]
[Site "San Francisco"]
[Date "2017.08.15"]
[Round "2.39"]
[White "Poblete, Tyrone"]
[Black "Scalese, Nicole"]
[Result "1-0"]
[WhiteElo "1154"]
[BlackElo "1126"]
[Annotator "Donaldson"]
[PlyCount "77"]
[EventDate "2017.??.??"]

1. e4 c6 2. d4 d5 3. e5 Bf5 4. c4 e6 5. c5 $2 {
White's lack of development doesn't justify this advance.} Nd7 (5... b6 $1 6.
b4 a5 {underpawning the pawn chain.}) 6. b4 g6 $6 {
This deprives the bishop on f5 of the g6 square.} (6... a5 $1) 7. Nf3 Ne7 8.
Nc3 Bg7 9. Bg5 h6 10. Bf6 $2 Bxf6 $6 (10... Nxf6 11. exf6 Bxf6 {
is better as the Black bishop is superior to the knight.}) 11. exf6 Nxf6 12. b5
$2 (12. Bd3 {White should be getting his pieces out.}) 12... Qa5 (12... Ne4 $1)
13. Qa4 $4 (13. Qd2 O-O 14. bxc6 Nxc6 15. Bb5 $15) 13... Qxc3+ 14. Nd2 Qxa1+
15. Ke2 Bg4+ $2 {a loss of time.} (15... Ne4 $1 {is an easy win.}) (15... O-O {
is also winning.}) 16. f3 Bh5 {the bishop is trapped here.} (16... Bf5) 17. g4
O-O 18. Bg2 Qb2 (18... Qc3 {is simpler.}) 19. Rb1 Qxb1 $4 (19... Qc3 {
is an easy win.}) 20. Nxb1 b6 (20... Nxg4 21. fxg4 Bxg4+ {
and Black is still winning as she has two rooks and three pawns for the queen.}
) 21. bxc6 bxc5 22. dxc5 Rab8 23. Qc2 Nxc6 24. Qd3 Nb4 25. Qc3 Nxa2 26. Qxf6
Rxb1 (26... Bxg4 27. fxg4 Rxb1 {is winning.}) 27. gxh5 d4 (27... gxh5 28. Qxh6
Rfb8 {is better for Black but no longer an easy win.}) 28. Qxd4 Nc1+ 29. Kf2
Nb3 30. Qg4 f5 $4 {Only this move leads to Black's defeat.} (30... Nxc5 31.
hxg6 Nd3+ 32. Ke3 (32. Kg3 Rb5) 32... Rb3 {
in both cases Black is still much better.}) 31. Qxg6+ Kh8 32. Qxh6+ Kg8 33.
Qxe6+ Rf7 34. Qe8+ Kg7 35. Qe5+ Kh6 36. Qe6+ Kg7 37. h6+ Kg8 38. Qg6+ Rg7 39.
Qxg7# 1-0

[Event "Mechanics' Peter Grey TNM; G/2 d5"]
[Site "San Francisco"]
[Date "2017.08.22"]
[Round "3.14"]
[White "Poblete, Tyrone C"]
[Black "Drane, Robert"]
[Result "0-1"]
[WhiteElo "1154"]
[BlackElo "1817"]
[PlyCount "78"]
[EventDate "2017.??.??"]

1. e4 Nf6 2. Nc3 d5 3. d4 Nxe4 4. Bd3 Nxc3 5. bxc3 c5 6. Nf3 Bg4 7. Be2 Nc6 8.
O-O e6 9. Re1 Bd6 10. Ng5 Bf5 11. Bg4 g6 12. Bxf5 gxf5 13. Qh5 Kd7 14. Ba3 Rf8
15. Bxc5 Bxc5 16. dxc5 Qe7 17. Rab1 Kc7 18. Nf3 Qxc5 19. Qxh7 Qxc3 20. Ng5 Rae8
21. Nxe6+ Kd6 22. Qg7 d4 23. Qg3+ Qxg3 24. fxg3 Rxe6 25. Rxe6+ fxe6 26. Rxb7 e5
27. h4 e4 28. Rh7 Ne5 29. Rxa7 Rc8 30. Ra6+ Kd5 31. Ra5+ Rc5 32. Ra8 Rxc2 33.
Rd8+ Kc4 34. Rc8+ Kd3 35. Rxc2 Kxc2 36. a4 Ng4 37. a5 d3 38. a6 d2 39. a7 d1=Q#
0-1

[Event "Mechanics' Peter Grey TNM; G/2 d5"]
[Site "San Francisco"]
[Date "2017.09.26"]
[Round "8.19"]
[White "Poling, Scott E"]
[Black "Abraham, Michael D"]
[Result "1-0"]
[WhiteElo "1837"]
[BlackElo "1535"]
[PlyCount "37"]
[EventDate "2017.??.??"]

1. d4 Nf6 2. c4 e6 3. Nc3 Bb4 4. Qc2 c5 5. dxc5 Bxc5 6. e3 Nc6 7. a3 a6 8. b4
Ba7 9. Bb2 O-O 10. Nf3 Re8 11. Be2 d5 12. Rd1 Qc7 13. cxd5 exd5 14. Nxd5 Nxd5
15. Rxd5 Be6 16. Rd2 Rac8 17. Ng5 f5 18. Nxe6 Rxe6 19. Bc4 1-0

[Event "Mechanics' Spring TNM; G/2"]
[Site "San Francisco"]
[Date "2017.04.25"]
[Round "7.29"]
[White "Poling, Scott E"]
[Black "Agdamag, Samuel"]
[Result "1-0"]
[WhiteElo "1868"]
[BlackElo "1503"]
[PlyCount "101"]
[EventDate "2017.??.??"]

1. d4 Nf6 2. c4 e6 3. Nc3 Bb4 4. Qc2 b6 5. a3 Bxc3+ 6. Qxc3 Bb7 7. Bg5 d5 8. e3
Nbd7 9. Qc2 c5 10. cxd5 exd5 11. Bb5 O-O 12. Bxd7 Qxd7 13. Bxf6 gxf6 14. Ne2
Rac8 15. Qd3 Qg4 16. f3 Qg6 17. Nf4 Qxd3 18. Nxd3 cxd4 19. exd4 Rfe8+ 20. Kd2
a5 21. Rac1 Kf8 22. Nf4 Kg7 23. h4 Kh6 24. Rxc8 Rxc8 25. Rc1 Rxc1 26. Kxc1 Bc6
27. Kd2 Kg7 28. Nh5+ Kg6 29. g4 f5 30. Nf4+ Kf6 31. g5+ Kg7 32. Ke3 Bb7 33.
Nh5+ Kg6 34. Ng3 f6 35. Kf4 fxg5+ 36. hxg5 Bc8 37. Nf1 h6 38. gxh6 Kxh6 39. Ne3
Be6 40. Ke5 Bc8 41. Nxf5+ Kg5 42. f4+ Kg4 43. Ne3+ Kh5 44. Nxd5 b5 45. Ne7 Bd7
46. d5 Kh6 47. Kf6 Be8 48. Nc6 a4 49. Ne5 Kh7 50. Ke7 Bh5 51. d6 1-0

[Event "Mechanics' Peter Grey TNM; G/2 d5"]
[Site "San Francisco"]
[Date "2017.08.08"]
[Round "1.24"]
[White "Poling, Scott E"]
[Black "Baer, Michael Alan"]
[Result "1-0"]
[WhiteElo "1837"]
[BlackElo "1354"]
[PlyCount "91"]
[EventDate "2017.??.??"]

1. d4 Nf6 2. c4 e6 3. Nc3 d5 4. cxd5 exd5 5. Bg5 Be7 6. e3 c6 7. Bd3 Be6 8. Qc2
Nbd7 9. Nge2 h6 10. Bh4 Nb6 11. a3 O-O 12. O-O Nc4 13. e4 dxe4 14. Nxe4 Nd6 15.
Nc5 Bc8 16. Rad1 Nd5 17. Bxe7 Qxe7 18. Rfe1 Qc7 19. Ng3 Bd7 20. Nge4 Nf5 21.
Nxd7 Qxd7 22. Nc5 Nxd4 23. Nxd7 Nxc2 24. Bxc2 Rfd8 25. Nc5 b6 26. Ne4 a6 27.
Nc3 Re8 28. Rxe8+ Rxe8 29. Nxd5 cxd5 30. Kf1 Rd8 31. Rd4 Kf8 32. Bb3 f6 33.
Rxd5 Rxd5 34. Bxd5 a5 35. Ke2 Ke7 36. Kd3 Kd6 37. Kd4 Kd7 38. Kc4 Kd6 39. Bf3
g6 40. a4 f5 41. Kb5 Kc7 42. g4 fxg4 43. Bxg4 h5 44. Bf3 h4 45. h3 g5 46. Bg2
1-0

[Event "Mechanics' Fall TNM; G/2 d5"]
[Site "San Francisco"]
[Date "2017.10.24"]
[Round "1.25"]
[White "Poling, Scott E"]
[Black "Cunningham, Charles"]
[Result "1-0"]
[WhiteElo "1864"]
[BlackElo "1381"]
[PlyCount "81"]
[EventDate "2017.??.??"]

1. d4 e6 2. c4 c5 3. d5 exd5 4. cxd5 h6 5. Nc3 Nf6 6. e4 a6 7. Bd3 (7. e5) 7...
d6 8. a4 Nbd7 9. f4 Nb6 10. a5 Bg4 11. Qb3 c4 12. Bxc4 Nxc4 13. Qxc4 Rc8 14.
Qd4 Rc5 15. b4 Rc7 16. Bb2 Re7 17. Nf3 Bxf3 18. gxf3 Nh5 19. f5 Re5 20. Ne2 Be7
21. Ng3 Nf4 22. Qd2 Bg5 23. Bxe5 dxe5 24. Qc3 O-O 25. Ra2 Qd7 26. Rc2 Qb5 27.
Qc4 Nd3+ 28. Ke2 Nf4+ 29. Kf1 Qa4 30. Ne2 Qa3 31. Qc3 Qa4 32. Nxf4 Bxf4 33. Kg2
Qe8 34. d6 Qd8 35. Rd1 Qh4 36. Kh1 Qh3 37. Qd3 Kh7 38. Qf1 Qh4 39. Qf2 Qf6 40.
Qb6 Qh4 41. d7 1-0

[Event "Mechanics' Peter Grey TNM; G/2 d5"]
[Site "San Francisco"]
[Date "2017.09.12"]
[Round "6.6"]
[White "Poling, Scott E"]
[Black "Fuentes, Romulo C"]
[Result "0-1"]
[WhiteElo "1837"]
[BlackElo "2203"]
[PlyCount "108"]
[EventDate "2017.??.??"]

1. d4 Nf6 2. c4 e6 3. Nc3 c5 4. d5 exd5 5. cxd5 Bd6 6. Nf3 O-O 7. Bg5 Re8 8. e3
h6 9. Bh4 a6 10. a4 Qe7 11. Bc4 g5 12. Bg3 Bxg3 13. hxg3 Qf8 14. d6 Nc6 15. a5
Nb4 16. Na4 Ne4 17. Nb6 Rb8 18. Nd5 Qxd6 19. Qb3 b5 20. axb6 Nxd5 21. Bxd5 Rxb6
22. Bxf7+ Kg7 23. Qd5 Qxd5 24. Bxd5 Rxb2 25. O-O Nf6 26. Bc4 Rb6 27. Rfd1 Bb7
28. Rdb1 Rb4 29. Rxb4 cxb4 30. Nd4 Ne4 31. Ra5 Rc8 32. Bd5 Rc1+ 33. Kh2 Nxf2
34. g4 Bxd5 35. Rxd5 Nxg4+ 36. Kg3 Nf6 37. Ra5 Rc3 38. Rxa6 Rxe3+ 39. Kf2 Ng4+
40. Kf1 Ra3 41. Rb6 Ra2 42. Nf5+ Kh7 43. Rxb4 Rf2+ 44. Kg1 Rxf5 45. Rxg4 Kg6
46. Rd4 d5 47. g4 Rf4 48. Rxd5 Rxg4+ 49. Kh2 Ra4 50. Rd6+ Kh5 51. Rb6 g4 52.
Kg3 Ra3+ 53. Kf4 Rf3+ 54. Ke4 Rf8 0-1

[Event "Mechanics' Summer TNM; G/2 d5"]
[Site "San Francisco"]
[Date "2017.05.23"]
[Round "1.26"]
[White "Poling, Scott E"]
[Black "Kim, Caden"]
[Result "1-0"]
[WhiteElo "1865"]
[BlackElo "1314"]
[Annotator "Donaldson"]
[PlyCount "93"]
[EventDate "2017.??.??"]

1. d4 d5 2. c4 Nf6 3. Nc3 e6 4. cxd5 Nxd5 5. e4 Nxc3 6. bxc3 Nd7 (6... c5 7.
Nf3 cxd4 8. cxd4 Nc6 9. Bc4 Bb4+ {is theory.}) 7. Nf3 b6 8. Bb5 f6 9. Qb3 Qe7
10. O-O Bb7 11. d5 e5 12. a4 O-O-O 13. Ba3 (13. a5 Nc5 14. Qc2) 13... Nc5 14.
Qc4 a6 15. Bxc5 Qxc5 16. Bxa6 Qxc4 17. Bxc4 Bc5 18. a5 Kd7 {Diagram [#]} 19.
Bb5+ $6 (19. a6 $1 Ba8 20. Bd3 c6 21. c4 {
and Black is effectively a piece down (Ba8).}) 19... c6 20. dxc6+ Bxc6 21.
Bxc6+ Kxc6 22. axb6 Bxb6 23. Rfb1 Ra8 24. Kf1 Rxa1 25. Rxa1 Kb5 26. Rb1+ Kc5
27. Ke2 Rd8 28. Nd2 (28. Ne1 $1) 28... Kc6 (28... Ra8) 29. Nc4 Bc7 30. Ne3 Bd6
31. Nd5 Bc5 32. f3 Rd7 (32... Ra8) 33. Kd3 f5 34. Kc4 fxe4 35. fxe4 Rf7 36. Rb2
Rf1 37. Nb4+ $2 (37. Ra2) 37... Bxb4 38. cxb4 Rh1 $2 (38... Rd1) 39. b5+ Kb6
40. Kd5 $1 Rxh2 41. Kxe5 Rh5+ 42. Kd6 Rh6+ 43. Kd5 g5 44. e5 Rg6 45. e6 g4 46.
e7 Rg5+ 47. Kd6 1-0

[Event "Mechanics' Peter Grey TNM; G/2 d5"]
[Site "San Francisco"]
[Date "2017.08.29"]
[Round "4.7"]
[White "Poling, Scott E"]
[Black "MacIntyre, Brendan"]
[Result "1-0"]
[WhiteElo "1837"]
[BlackElo "1519"]
[Annotator "Donaldson"]
[PlyCount "93"]
[EventDate "2017.??.??"]

1. d4 d5 2. c4 c6 3. cxd5 cxd5 4. Bf4 e6 5. e3 Bd7 6. Bd3 Nf6 7. Nc3 Bc6 8. Nf3
Bd6 9. Ne5 Bxe5 10. Bxe5 O-O 11. O-O Nbd7 12. Bg3 Ne4 13. Qc2 f5 14. Rac1 Rc8
15. Qe2 Ndf6 16. Bh4 Qa5 17. f3 Nxc3 18. Rxc3 Bd7 19. Ra3 Qb6 20. Rb3 Qa5 21.
Be1 Qc7 22. Bg3 Qa5 23. Rxb7 Qxa2 24. Ba6 Rcd8 25. Be1 Rb8 26. Bb4 Rxb7 27.
Bxb7 Rf7 28. Ba3 Qb3 29. Qa6 Qa4 30. Rc1 Qxa6 31. Bxa6 Ne8 32. Rc3 g5 33. Rb3
Kg7 34. Rb7 Bc6 35. Rb8 Nc7 36. Bd3 Ne8 37. Kf2 Rb7 38. Rc8 Bd7 39. Rd8 Kf7 40.
Ba6 Rc7 41. Bc5 Bc6 42. b4 h5 43. b5 Bb7 44. Rb8 Bxa6 45. bxa6 Rc6 46. Rb7+ Rc7
{Diagram [#]} 47. Bd6 $1 (47. Bxa7 {
also wins but the move played is the most accurate.}) 1-0

[Event "Mechanics' Spring TNM; G/2"]
[Site "San Francisco"]
[Date "2017.05.02"]
[Round "8.19"]
[White "Poling, Scott E"]
[Black "McEnroe, Glenn"]
[Result "1-0"]
[WhiteElo "1868"]
[BlackElo "1528"]
[PlyCount "79"]
[EventDate "2017.??.??"]

1. d4 Nf6 2. c4 g6 3. Nc3 d5 4. cxd5 Nxd5 5. e4 Nxc3 6. bxc3 Bg7 7. Bc4 O-O 8.
Ne2 Nd7 $6 (8... c5) 9. O-O Nb6 10. Bd3 e5 11. Be3 f5 12. exf5 Bxf5 13. Qc2
Bxd3 14. Qxd3 Qd5 15. Rfd1 Rad8 16. Bg5 Rd7 17. Qh3 Rff7 18. f3 exd4 19. Bh6
Qe5 20. Bxg7 Kxg7 21. Nxd4 Rf6 22. Re1 Qc5 23. Kh1 Rdf7 24. Ne6+ Rxe6 25. Qxe6
Nc4 26. Rad1 Nd6 27. Qe5+ Qxe5 28. Rxe5 Kf6 29. Rde1 Rd7 30. Re6+ Kf7 31. g4
Nc4 32. Kg2 Na3 33. g5 Nc2 34. Rf6+ Kg7 35. Re2 Na3 36. Kg3 Nc4 37. Rfe6 Kf7
38. h4 Nd6 39. Rf6+ Kg7 40. h5 1-0

[Event "Mechanics' Summer TNM; G/2 d5"]
[Site "San Francisco"]
[Date "2017.06.13"]
[Round "4.23"]
[White "Poling, Scott E"]
[Black "Sachs-Weintraub, Julian"]
[Result "1/2-1/2"]
[WhiteElo "1865"]
[BlackElo "1516"]
[PlyCount "83"]
[EventDate "2017.??.??"]

1. d4 d5 2. c4 Nc6 3. Nf3 e6 4. Nc3 dxc4 5. e3 a6 6. Bxc4 b5 7. Bb3 Nf6 8. a3
Bb7 9. O-O Be7 10. Qe2 O-O 11. Rd1 Na5 12. Bc2 Re8 13. e4 c6 14. Qd3 g6 15. Ne5
c5 16. dxc5 Qxd3 17. Nxd3 Nxe4 18. Nxe4 Bxe4 19. b4 Nc6 20. f3 Bd5 21. Bb2 a5
22. Bc3 axb4 23. axb4 Red8 24. Ne5 Nxe5 25. Bxe5 Rxa1 26. Rxa1 f5 27. Ra7 Kf8
28. Kf2 Ra8 29. Rxa8+ Bxa8 30. Ke3 Kf7 31. Bd3 Bc6 32. g3 Bf6 33. f4 h6 34. Be2
Bxe5 35. fxe5 g5 36. Bf3 Bxf3 37. Kxf3 Ke7 38. Ke3 Kd7 39. Kd3 Kc6 40. Kd4 Kd7
41. Ke3 Kc6 42. Kd4 1/2-1/2

[Event "Mechanics' Fall TNM; G/2 d5"]
[Site "San Francisco"]
[Date "2017.11.28"]
[Round "6.20"]
[White "Poling, Scott E"]
[Black "Simpkins, Jerry"]
[Result "1/2-1/2"]
[WhiteElo "1864"]
[BlackElo "1548"]
[Annotator "Donaldson"]
[PlyCount "41"]
[EventDate "2017.??.??"]

1. d4 d5 2. c4 e6 3. Nc3 f5 4. cxd5 (4. Nf3) (4. Bf4) 4... exd5 5. Bf4 c6 6. e3
Nf6 7. Bd3 Bd6 8. Qc2 Bxf4 9. exf4 Ne4 10. Nf3 O-O 11. O-O Nd7 12. Rfe1 (12.
Rae1 Rf6 13. g3) 12... Rf6 13. Ne5 Nxe5 14. fxe5 Rh6 15. f3 $2 {Diagram [#]} (
15. Re3 f4 16. Rxe4 dxe4 17. Qb3+ Kh8 18. Bxe4) 15... Qh4 $1 16. g3 Nxg3 17.
hxg3 Qxg3+ 18. Qg2 Qf4 (18... Qh4 $1) 19. Qf2 Qg5+ (19... Rh3 $1 20. Rf1 (20.
Be2 Qg5+ 21. Kf1 Rh1+) 20... Qg5+) 20. Kf1 Qf4 21. Kg1 1/2-1/2

[Event "Mechanics' Winter TNM; G/2"]
[Site "San Francisco"]
[Date "2017.01.31"]
[Round "5.19"]
[White "Poling, Scott E"]
[Black "Simpkins, Jerry"]
[Result "1/2-1/2"]
[WhiteElo "1864"]
[BlackElo "1513"]
[PlyCount "114"]
[EventDate "2017.??.??"]

1. d4 e5 2. dxe5 Nc6 3. Nf3 Qe7 4. Nc3 Nxe5 5. e4 Nxf3+ 6. Qxf3 c6 7. Be3 Nf6
8. Bd3 d6 9. O-O g6 10. Bg5 Bg7 11. e5 dxe5 12. Ne4 Bf5 13. Rfe1 O-O 14. Nxf6+
Bxf6 15. Bh6 Bg7 16. Bxg7 Kxg7 17. Bxf5 gxf5 18. Qg3+ Kf6 19. Qh4+ Ke6 {
Diagram [#]} 20. Qxe7+ $4 (20. Rxe5+) 20... Kxe7 21. Rxe5+ Kf6 22. Rae1 Rfd8
23. g3 Rd2 24. R1e2 Rad8 25. Kg2 h5 26. h4 Rxe2 27. Rxe2 Rd4 28. f4 b5 29. Kf3
a5 30. Re3 c5 31. Re5 Rc4 32. c3 b4 33. cxb4 axb4 34. Re3 Rc2 35. Re2 Rc4 36.
Ke3 Re4+ 37. Kd3 c4+ 38. Kd2 Ke6 39. a4 c3+ 40. bxc3 b3 41. Rg2 Rxa4 42. Rg1
Ra2+ 43. Kd3 Rc2 44. Re1+ Kf6 45. Rb1 Rg2 46. Rxb3 Rxg3+ 47. Kd4 Rg4 48. Rb6+
Kg7 49. Ke5 Rxh4 50. c4 Rh3 51. Kxf5 Rg3 52. Rb1 h4 53. Rh1 h3 54. c5 Rc3 55.
c6 Rxc6 56. Rxh3 Rf6+ 57. Ke5 Re6+ 1/2-1/2

[Event "Mechanics' Summer TNM; G/2 d5"]
[Site "San Francisco"]
[Date "2017.07.11"]
[Round "7.17"]
[White "Poling, Scott E"]
[Black "Smith III, Robert"]
[Result "0-1"]
[WhiteElo "1865"]
[BlackElo "1744"]
[PlyCount "91"]
[EventDate "2017.??.??"]

1. d4 c6 2. c4 d5 3. cxd5 cxd5 4. Bf4 Nc6 5. e3 e6 6. Nc3 Nf6 7. Bd3 a6 8. Rc1
Bd7 9. h3 Be7 10. Nf3 O-O 11. O-O b5 12. Ne5 Na5 13. Nxd7 Qxd7 14. Qe2 Nc4 15.
b3 Nb6 16. Nb1 Rfc8 17. Nd2 Ba3 18. Rc2 Rxc2 19. Bxc2 Rc8 20. Nb1 Be7 21. Be5
Qc6 22. Rc1 g6 23. Bxf6 Bxf6 24. Nd2 Qc3 25. Nb1 Qb2 26. Qd2 Qxa2 27. Nc3 Qb2
28. Nd1 Qa3 29. Rb1 Be7 30. Bd3 Rc6 31. f4 h5 32. g4 hxg4 33. hxg4 Kg7 34. g5
Rc8 35. Nf2 Qd6 36. Ng4 Nd7 37. Rc1 Rxc1+ 38. Qxc1 Bxg5 39. Ne5 Bd8 40. Qc8
Nxe5 41. fxe5 Qb6 42. Kf2 Qa5 43. b4 Bh4+ 44. Kf3 Qa1 45. Kg4 Qe1 46. Kf3 0-1

[Event "Mechanics' Fall TNM; G/2 d5"]
[Site "San Francisco"]
[Date "2017.12.12"]
[Round "8.31"]
[White "Poling, Scott E"]
[Black "Zulkhuu, Jamyandagva"]
[Result "1-0"]
[WhiteElo "1864"]
[BlackElo "935"]
[PlyCount "65"]
[EventDate "2017.??.??"]

1. d4 d5 2. c4 Nf6 3. Nc3 e6 4. cxd5 exd5 5. Bg5 Bb4 6. e3 a6 7. Bd3 h6 8. Bh4
Nc6 9. Nge2 Qd6 10. Bg3 Qe6 11. Bxc7 Ne4 12. O-O Bxc3 13. Nxc3 Qg6 14. f3 Bh3
15. Bg3 Qg5 16. fxe4 Qxe3+ 17. Bf2 Qg5 18. Qf3 Bg4 19. Qe3 O-O-O 20. Qxg5 hxg5
21. Nxd5 Kb8 22. Rac1 Rh5 23. Bg3+ Ka7 24. Rxf7 Be6 25. Rxg7 Bxd5 26. exd5 Rxd5
27. Rxc6 Rxd4 28. Rd6 (28. Rxa6#) 28... Rxd6 29. Bxd6 g4 30. Be4 Kb6 31. Rxb7+
Ka5 32. Bb4+ Ka4 33. b3# 1-0

[Event "Mechanics' Fall TNM; G/2 d5"]
[Site "San Francisco"]
[Date "2017.12.12"]
[Round "8.32"]
[White "Porlares, Teodoro"]
[Black "McEnroe, Glenn"]
[Result "1-0"]
[WhiteElo "1854"]
[BlackElo "1500"]
[PlyCount "53"]
[EventDate "2017.??.??"]

1. d4 Nf6 2. e3 g6 3. f4 d5 4. Bd3 e6 5. Nd2 Nc6 6. c3 Bg7 7. Ngf3 O-O 8. O-O
Re8 9. Ne5 Nxe5 10. fxe5 Nd7 11. e4 c6 12. Qf3 Rf8 13. Qh3 Qb6 14. Kh1 c5 15.
Nf3 cxd4 16. cxd4 dxe4 17. Bxe4 f6 18. b3 fxe5 19. Ba3 Rf4 20. Ng5 Nf6 21. dxe5
Rxf1+ 22. Rxf1 Qb5 23. Rxf6 h6 24. Bxg6 Bxf6 25. Bf7+ Kg7 26. exf6+ Kxf6 27.
Qxh6+ 1-0

[Event "Mechanics' Winter TNM; G/2"]
[Site "San Francisco"]
[Date "2017.01.17"]
[Round "3.20"]
[White "Porlares, Teodoro"]
[Black "Morgan, Jerry"]
[Result "1-0"]
[WhiteElo "1875"]
[BlackElo "1561"]
[PlyCount "73"]
[EventDate "2017.??.??"]

1. d4 f5 2. g3 Nf6 3. Bg2 g6 4. e3 Bg7 5. Ne2 O-O 6. O-O d6 7. c4 Qe8 8. Nbc3
e5 9. Bd2 e4 10. h4 Nh5 11. Nd5 Na6 12. Rb1 Be6 13. Qb3 Rb8 14. Ndf4 Nxf4 15.
Nxf4 Bf7 16. Qc2 c6 17. Qa4 c5 18. Qxe8 Rfxe8 19. d5 b5 20. b3 b4 21. f3 Nc7
22. fxe4 fxe4 23. Nh3 h6 24. Bc1 Be5 25. Kh2 Re7 26. Bb2 Rf8 27. Bxe5 Rxe5 28.
Rf4 g5 29. hxg5 hxg5 30. Rg4 Bh5 31. Rxg5+ Rxg5 32. Nxg5 Rf2 33. Nxe4 Rxa2 34.
Nf6+ Kf7 35. Nxh5 Kg6 36. g4 Re2 37. Nf4+ 1-0

[Event "Mechanics' Fall TNM; G/2 d5"]
[Site "San Francisco"]
[Date "2017.11.07"]
[Round "3.15"]
[White "Porlares, Teodoro"]
[Black "Nyangar, Enkhmaa"]
[Result "1-0"]
[WhiteElo "1854"]
[BlackElo "1605"]
[PlyCount "81"]
[EventDate "2017.??.??"]

1. d4 d5 2. e3 Nf6 3. Bd3 e6 4. f4 c5 5. c3 c4 6. Bc2 Nc6 7. Nd2 Bd6 8. Ngf3
Ng4 9. Qe2 f5 10. h3 Nf6 11. O-O b5 12. Ne5 Bb7 13. Qf3 Qc7 14. b3 O-O 15. Bb2
Ne4 16. Nxe4 fxe4 17. Qg4 Rf6 18. a4 a6 19. bxc4 bxc4 20. Ba3 Bxa3 21. Rxa3
Nxe5 22. dxe5 Rg6 23. Qe2 Qe7 24. Ra2 Qh4 25. Kh1 Rf8 26. Rb2 Ba8 27. Rb6 a5
28. Qf2 Qd8 29. Rfb1 Qd7 30. Bd1 Bc6 31. Qa2 Rh6 32. Qa3 Rc8 33. Rb8 Kf7 34.
Kh2 Kg6 35. g4 Rxb8 36. Rxb8 Qa7 37. Qd6 Bd7 38. f5+ Kg5 39. Qe7+ Rf6 40. Qxg7+
Rg6 41. h4+ 1-0

[Event "Mechanics' Winter TNM; G/2"]
[Site "San Francisco"]
[Date "2017.02.21"]
[Round "8.6"]
[White "Porlares, Teodoro"]
[Black "O'Connor, Derek"]
[Result "0-1"]
[WhiteElo "1875"]
[BlackElo "2167"]
[PlyCount "84"]
[EventDate "2017.??.??"]

1. d4 Nf6 2. c4 e6 3. Nf3 Bb4+ 4. Bd2 Qe7 5. g3 Nc6 6. Bg2 Bxd2+ 7. Nbxd2 d6 8.
O-O O-O 9. e4 e5 10. d5 Nb8 11. Qc2 a5 12. a3 a4 13. b4 axb3 14. Nxb3 Na6 15.
Nfd2 Bd7 16. Qc3 Ba4 17. f4 Rfe8 18. f5 Nd7 19. g4 Bxb3 20. Qxb3 Qg5 21. Qc3
Nf6 22. h3 Nc5 23. Rf2 Ra4 24. Re2 h5 25. Bf3 hxg4 26. hxg4 Nxg4 27. Bxg4 Qxg4+
28. Rg2 Qh4 29. Rf1 Rea8 30. Ra1 Kf8 31. Rh2 Nxe4 32. Qc2 Qg3+ 33. Rg2 Qe3+ 34.
Kh2 Nxd2 35. Qxd2 Qxd2 36. Rxd2 Rxa3 37. Rb1 Ra2 38. Rbb2 Rxb2 39. Rxb2 b6 40.
Kg3 Ke7 41. Kg4 Ra4 42. Rc2 b5 0-1

[Event "Mechanics' Summer TNM; G/2 d5"]
[Site "San Francisco"]
[Date "2017.05.30"]
[Round "2.21"]
[White "Porlares, Teodoro"]
[Black "Reise, Kayven"]
[Result "1-0"]
[WhiteElo "1941"]
[BlackElo "1938"]
[PlyCount "63"]
[EventDate "2017.??.??"]

1. e4 e6 2. d4 d5 3. exd5 exd5 4. Bd3 c5 5. c3 Nc6 6. Nf3 Nf6 7. h3 c4 8. Bc2
Bd6 9. O-O O-O 10. Bg5 h6 11. Bh4 b5 12. Nbd2 Re8 13. Re1 Re6 14. Nf1 a5 15.
Qd2 Bf8 16. Ne5 Ne7 17. Ne3 g5 18. Bg3 Ne4 19. Qe2 f5 20. Bxe4 dxe4 21. Nxf5
Rxe5 22. Nxh6+ Bxh6 23. Bxe5 Bf5 24. a4 Qd5 25. axb5 Qxb5 26. Bf6 Nd5 27. Be5
Nf4 28. Bxf4 gxf4 29. Qh5 Ra6 {Diagram [#]} 30. Rxe4 $1 Qxb2 (30... Bxe4 31.
Qxb5) 31. Re8+ Kg7 32. Re7+ 1-0

[Event "Mechanics' Winter TNM; G/2"]
[Site "San Francisco"]
[Date "2017.01.31"]
[Round "5.10"]
[White "Porlares, Teodoro"]
[Black "Sevall, Jacob"]
[Result "1-0"]
[WhiteElo "1875"]
[BlackElo "2082"]
[PlyCount "67"]
[EventDate "2017.??.??"]

1. d4 d5 2. c4 c6 3. Nf3 Nf6 4. g3 dxc4 5. Bg2 b5 6. a4 Bb7 7. O-O e6 8. Ne5
Qb6 9. b3 cxb3 10. Qxb3 Nbd7 11. Be3 Nd5 12. Nxd7 Kxd7 13. Nc3 bxa4 14. Qc2 Qb3
15. Qxb3 axb3 16. Nxd5 cxd5 17. Rfb1 Bc6 18. Rxb3 Bd6 19. Bd2 Rhb8 20. Rxb8
Bxb8 21. Bb4 Bd6 22. Bc3 Bc7 23. Kf1 a5 24. Ke1 a4 25. Kd2 Ba5 26. e3 Bb5 27.
Bf3 f5 28. Bd1 Kc6 29. Bxa5 Rxa5 30. Kc3 Ra8 31. Kb4 Rb8 32. Rc1+ Kd6 33. Ka3
Bd7 34. f4 {
White won after a horrible blunder by Black. Remaining moves unavailable.} 1-0

[Event "Mechanics' Peter Grey TNM; G/2 d5"]
[Site "San Francisco"]
[Date "2017.09.12"]
[Round "6.17"]
[White "Porlares, Teodoro"]
[Black "Simpkins, Jerry"]
[Result "1-0"]
[WhiteElo "1861"]
[BlackElo "1553"]
[Annotator "Donaldson"]
[PlyCount "71"]
[EventDate "2017.??.??"]

1. e4 e5 2. Nf3 f5 3. d4 fxe4 4. Nxe5 Nf6 5. Be2 d6 6. Bh5+ $6 g6 7. Nxg6 hxg6
8. Bxg6+ Ke7 9. Bg5 Bg7 $2 (9... Bh6 $1) 10. Bxe4 (10. Nc3) 10... Kf7 11. Bd5+
Be6 (11... Kg6) 12. Bxb7 Nbd7 13. Qf3 (13. Bxa8 Qxa8 14. O-O) 13... Rb8 14. O-O
d5 15. Ba6 Rxb2 16. Bd3 c5 17. Nd2 cxd4 18. Nb3 Ne5 19. Qe2 Nxd3 20. Qxd3 Qc7
21. h4 Ng4 22. g3 Ne5 23. Qd1 Bg4 24. f3 Bh3 25. Rf2 d3 (25... Nd3 $1 {
was also completely winning.}) 26. g4 Nc4 $2 (26... Rf8 $1 {idea Kg8}) 27. Qxd3
Qg3+ 28. Kh1 Nd6 $4 (28... Qxf2 29. Qxd5+ Kf8 30. Qd8+ Kf7 31. Qd5+ $11) 29.
Qxd5+ Kf8 30. Re2 Bg2+ 31. Rxg2 Rxh4+ 32. Kg1 Qe5 33. Qxe5 Bxe5 34. Bxh4 Rxb3
35. axb3 Bxa1 36. Rd2 1-0

[Event "Mechanics' Summer TNM; G/2 d5"]
[Site "San Francisco"]
[Date "2017.07.11"]
[Round "7.16"]
[White "Porlares, Teodoro"]
[Black "Starr, Albert"]
[Result "1-0"]
[WhiteElo "1941"]
[BlackElo "1500"]
[Annotator "Donaldson"]
[PlyCount "81"]
[EventDate "2017.??.??"]

1. Nf3 b5 2. g3 Bb7 3. Bg2 e6 4. O-O Nf6 5. d4 Be7 6. Bg5 O-O 7. Nbd2 d6 8. c3
Nbd7 9. Qc2 g6 10. e4 c5 11. Bh6 Re8 12. h3 a5 13. e5 dxe5 14. dxe5 Nd5 15. h4
Bf8 16. Bg5 Qb8 17. Ne4 Bg7 18. Nd6 Rf8 19. Nxb5 Ba6 20. a4 Bxb5 21. axb5 Ra7
22. c4 Nb4 23. Qe4 Nxe5 24. Bf4 Nxf3+ 25. Bxf3 e5 26. Be3 f5 27. Qb1 Rc8 28.
Bd2 e4 29. Be2 Qb6 30. Bc3 Rd8 31. Rd1 Bd4 32. Kg2 Rad7 33. h5 g5 34. g4 Qf6
35. Bxd4 Rxd4 (35... cxd4 $1 $19) 36. Rxd4 Rxd4 (36... cxd4) 37. Rxa5 f4 38.
Ra8+ Rd8 39. Qxe4 Kg7 40. Ra7+ Kh6 41. Rxh7# 1-0

[Event "Mechanics' Summer TNM; G/2 d5"]
[Site "San Francisco"]
[Date "2017.06.13"]
[Round "4.5"]
[White "Porlares, Teodoro"]
[Black "Tracy, Joseph J"]
[Result "0-1"]
[WhiteElo "1941"]
[BlackElo "2088"]
[PlyCount "94"]
[EventDate "2017.??.??"]

1. e4 e5 2. Nf3 Nc6 3. Bc4 Nf6 4. d3 Bc5 5. O-O d6 6. h3 Be6 7. Bxe6 fxe6 8. c3
Bb6 9. b4 O-O 10. a4 a6 11. a5 Ba7 12. Na3 Qd7 13. Qe2 Nh5 14. Be3 Nf4 15. Bxf4
Rxf4 16. Nc2 Raf8 17. Rad1 Qe8 18. Nce1 Qg6 19. Kh2 Qh5 20. Rg1 g5 21. g4 Qf7
22. Rg3 h6 23. Qa2 Kg7 24. Kg2 d5 25. Qe2 Qg6 26. Qc2 Qf7 27. Rd2 Qe7 28. Qb1
Qd6 29. Re2 d4 30. c4 Nxb4 31. Rb2 Bc5 32. Rb3 b6 33. Qa1 Ra8 34. Ng1 Nc6 35.
axb6 cxb6 36. Ne2 a5 37. f3 Raf8 38. Kf2 R4f7 39. Nc2 Bb4 40. Qc1 Kg6 41. Ne1
Bxe1+ 42. Qxe1 Nb4 43. Qb1 Rb8 44. Nc1 b5 45. cxb5 Rxb5 46. Na2 Rfb7 47. Ke2
Nxa2 0-1